000 00733nam a2200289Ia 4500
005 20260324112408.0
008 008 260324s9999 xx 000 0 eng d
020 _a9781003455042
037 _aEBOOK
040 _aCRL
040 _beng
040 _cCRL
041 _2eng
041 _aeng
084 _qCRL
100 _aAndrew Colley
_91142520
245 0 _aIn-patient Mental Health Care from the Asylum System to the Present Day
245 2 _bA Lived Experience of Policy and Practice
260 _bTaylor and Francis
260 _c2024
365 _a
365 _b82.99
856 _uhttp://www.taylorfrancis.com/books/9781003455042
942 _cEBOOK
999 _c1731711
_d1731711